[Event "World Blitz 2016"]
[Site "Doha QAT"]
[Date "2016.12.29"]
[Round "7.4"]
[White "Artemiev, Vladislav"]
[Black "Yu, Yangyi"]
[Result "0-1"]
[WhiteTitle "GM"]
[BlackTitle "GM"]
[WhiteElo "2653"]
[BlackElo "2729"]
[WhiteFideId "24101605"]
[BlackFideId "8603820"]
[EventDate "2016.12.29"]

1. b3 c5 2. Bb2 Nf6 3. c4 d6 4. Bxf6 exf6 5. Nc3 g6 6. g3 h5 7. h4 Bh6 8. Bg2 f5
9. e3 Nd7 10. Nge2 Nf6 11. d4 Qe7 12. Qd3 O-O 13. O-O Be6 14. Nf4 Rad8 15. Rfe1
Kh7 16. Rad1 Rfe8 17. a3 Bg7 18. b4 Bc8 19. Re2 Qf8 20. Red2 Ng4 21. Nb5 cxd4
22. Nxd4 a6 23. Nd5 Be6 24. Nxe6 fxe6 25. Nf4 Qf7 26. Qb3 Bf6 27. Rxd6 Rxd6 28.
Rxd6 e5 29. Nd5 e4 30. Nxf6+ Nxf6 31. Qc3 Re6 32. Rd4 Re7 33. Bf1 Ng4 34. Be2
Ne5 35. Rd5 Qf6 36. Qd4 Kg7 37. Kg2 Nf7 38. Qd2 Qa1 39. c5 Ne5 40. Qd4 Qxd4 41.
exd4 Nd3 42. Rd8 f4 43. gxf4 Nxf4+ 44. Kf1 e3 45. fxe3 Rxe3 46. Bc4 Rc3 47. Rd7+
Kh6 48. Bg8 g5 49. hxg5+ Kxg5 50. Rxb7 h4 51. Rg7+ Kf6 52. Rh7 h3 53. Kf2 Kg5
54. d5 Rc2+ 55. Kf3 h2 56. d6 Nh5 57. Ke3 h1=Q 58. d7 Qe1+ 59. Kd4 Qd2+ 60. Ke5
Qf4+ 61. Kd5 Qc7 62. Be6 Nf6+ 63. Kd4 Nxh7 0-1

[Event "World Blitz 2016"]
[Site "Doha QAT"]
[Date "2016.12.29"]
[Round "7.6"]
[White "Bortnyk, Olexandr"]
[Black "Bu, Xiangzhi"]
[Result "0-1"]
[WhiteTitle "GM"]
[BlackTitle "GM"]
[WhiteElo "2581"]
[BlackElo "2705"]
[WhiteFideId "14120828"]
[BlackFideId "8601445"]
[EventDate "2016.12.29"]

1. e4 e5 2. Nf3 Nc6 3. Bb5 a6 4. Ba4 Nf6 5. Qe2 b5 6. Bb3 Be7 7. c3 d6 8. h3 Bb7
9. O-O O-O 10. Rd1 Re8 11. Ng5 d5 12. d3 h6 13. Nf3 Bf8 14. Nbd2 Qd7 15. Nf1
Rad8 16. Ng3 g6 17. Be3 Bg7 18. a3 Kh7 19. exd5 Na5 20. Bc2 Nxd5 21. Ne4 Nf4 22.
Qf1 Qf5 23. b4 Nc6 24. d4 Qh5 25. Ng3 Nxh3+ 26. gxh3 Qxf3 27. Be4 Qf6 28. Qg2
exd4 29. cxd4 Rxe4 30. Nxe4 Qf5 31. Ng3 Qd7 32. Rac1 Na5 33. d5 Nc4 34. Rd3 Bxd5
35. Qf1 c6 36. Bc5 Ne5 37. Re3 Nf3+ 38. Rxf3 Bxf3 39. Kh2 h5 40. Re1 h4 41. Ne4
Qf5 42. Ng3 hxg3+ 0-1

[Event "World Blitz 2016"]
[Site "Doha QAT"]
[Date "2016.12.29"]
[Round "7.7"]
[White "Wojtaszek, Radoslaw"]
[Black "Morozevich, Alexander"]
[Result "0-1"]
[WhiteTitle "GM"]
[BlackTitle "GM"]
[WhiteElo "2749"]
[BlackElo "2676"]
[WhiteFideId "1118358"]
[BlackFideId "4116992"]
[EventDate "2016.12.29"]

1. d4 d5 2. c4 e5 3. dxe5 d4 4. Nf3 Nc6 5. a3 Nge7 6. b4 Ng6 7. Bb2 a5 8. b5
Ncxe5 9. Nxe5 Nxe5 10. Qxd4 Qxd4 11. Bxd4 Nxc4 12. e3 Be6 13. Be2 O-O-O 14. O-O
Kb8 15. Rc1 Nd6 16. b6 c6 17. Be5 f6 18. Bg3 h5 19. h3 Kc8 20. Nc3 Nc4 21. Na4
Nd2 22. Rxc6+ bxc6 23. Ba6+ Kd7 24. Rd1 Ke8 25. b7 Nf3+ 26. gxf3 Rxd1+ 27. Kg2
Rb1 28. Nc3 Rxb7 29. Bxb7 Kd7 30. Na4 Bd6 0-1

[Event "World Blitz 2016"]
[Site "Doha QAT"]
[Date "2016.12.29"]
[Round "7.10"]
[White "Salem, A.R. Saleh"]
[Black "Ivanchuk, Vassily"]
[Result "1-0"]
[WhiteTitle "GM"]
[BlackTitle "GM"]
[WhiteElo "2656"]
[BlackElo "2747"]
[WhiteFideId "9301348"]
[BlackFideId "14100010"]
[EventDate "2016.12.29"]

1. d4 d5 2. c4 c6 3. Nf3 Nf6 4. Nc3 dxc4 5. e4 b5 6. e5 Nd5 7. a4 e6 8. Be2 Bb7
9. O-O Nd7 10. Ne4 a6 11. Nfg5 Be7 12. Bh5 O-O 13. Qf3 Bxg5 14. Nxg5 Qe7 15. Qh3
h6 16. Ne4 c5 17. Nd6 cxd4 18. Qg3 Nc5 19. Bxh6 f6 20. Rae1 Nd3 21. exf6 Rxf6
22. Rxe6 Rxe6 23. Bf7+ Qxf7 24. Nxf7 g6 25. Ng5 Re7 26. Nf3 Kf7 27. Nxd4 bxa4
28. Bg5 Ree8 29. Qh3 Kg8 30. Qh6 Ne5 31. f4 1-0

[Event "World Blitz 2016"]
[Site "Doha QAT"]
[Date "2016.12.29"]
[Round "7.11"]
[White "Dreev, Aleksey"]
[Black "Matlakov, Maxim"]
[Result "1-0"]
[WhiteTitle "GM"]
[BlackTitle "GM"]
[WhiteElo "2652"]
[BlackElo "2694"]
[WhiteFideId "4100107"]
[BlackFideId "4168003"]
[EventDate "2016.12.29"]

1. d4 Nf6 2. Nf3 d5 3. c4 e6 4. Nc3 Bb4 5. cxd5 exd5 6. Bg5 h6 7. Bxf6 Qxf6 8.
Qa4+ Nc6 9. e3 O-O 10. Be2 Be6 11. O-O a6 12. Qb3 Rfd8 13. Rac1 Rab8 14. Ne5
Nxe5 15. Qxb4 Ng6 16. Qa5 c6 17. Qc7 Bf5 18. b4 Nf8 19. Qg3 Ne6 20. h4 Qe7 21.
Qe5 Bh7 22. Bg4 Qxh4 23. Bxe6 fxe6 24. Qxe6+ Kh8 25. Qe5 Re8 26. Qh2 Qe7 27. a3
a5 28. Na4 axb4 29. axb4 Qxb4 30. Nc5 Rbd8 31. Qc7 Rb8 32. Qg3 Ra8 33. f4 b6 34.
Nd7 Ra2 35. Ne5 Be4 36. Rf2 Rxf2 37. Qxf2 c5 38. Nf7+ Kg8 39. Ne5 cxd4 40. exd4
Ra8 41. f5 Rf8 42. g4 Qa3 43. Rc7 Qa1+ 1-0

[Event "World Blitz 2016"]
[Site "Doha QAT"]
[Date "2016.12.29"]
[Round "7.12"]
[White "Bosiocic, Marin"]
[Black "Adhiban, Baskaran"]
[Result "1-0"]
[WhiteTitle "GM"]
[BlackTitle "GM"]
[WhiteElo "2591"]
[BlackElo "2666"]
[WhiteFideId "14507927"]
[BlackFideId "5018471"]
[EventDate "2016.12.29"]

1. e4 c5 2. Nf3 g6 3. c3 d5 4. exd5 Qxd5 5. d4 Bg7 6. Be3 cxd4 7. cxd4 Nf6 8.
Nc3 Qd8 9. h3 O-O 10. Bc4 Nc6 11. O-O Na5 12. Be2 Be6 13. Ne5 Nd5 14. Bd2 Rc8
15. Qa4 b6 16. Rad1 Nxc3 17. Bxc3 Bd5 18. Bb5 Qc7 19. Rfe1 Qb7 20. Bf1 e6 21. h4
h5 22. Rd3 Nc6 23. Rg3 Nxe5 24. dxe5 Rfd8 25. Ba6 Qc6 26. Qf4 Rc7 27. Be2 Qe8
28. Bxh5 gxh5 29. Qf6 Qf8 30. Ree3 Rc4 31. Rxg7+ Qxg7 32. Qxd8+ Kh7 33. Rg3 Rg4
34. Kh2 Qg6 35. Qe7 Rxg3 36. fxg3 Kg7 37. Bb4 Kh7 38. Bd2 Qf5 39. Qf8 a5 40. Bf4
Bxa2 41. Bg5 Qg6 42. Bf6 Qg8 43. Qd6 b5 44. Qd3+ Qg6 45. Qd8 Qg8 46. Qxa5 Bc4
47. Qd2 Qg4 48. Qd8 Qg8 49. Qe7 Bd5 50. b4 Kg6 51. Bg5 Kf5 52. Qf6+ Ke4 53. Qf4+
Kd3 54. Qe3+ Kc4 55. Qc5+ Kd3 56. Be3 Bc4 57. Qd4+ Kc2 58. Qd2+ Kb3 59. Bd4 Qg6
60. Qb2+ Ka4 61. Qa1+ Kb3 62. Bb2 Qe4 63. Qa3+ Kc2 64. Bc3 Bd5 65. Qb2+ Kd3 66.
Qd2+ Kc4 67. Bb2 Kb3 68. Qc3+ Ka2 69. Qd2 Kb3 70. Bd4 Qc2 71. Qxc2+ Kxc2 72. g4
hxg4 73. Kg3 Kd3 74. Ba1 Kc4 75. h5 Kxb4 76. h6 Be4 77. Kxg4 Kc4 78. Kg5 b4 79.
Kf6 b3 80. g4 Kd3 81. g5 Ke3 82. Kxf7 1-0

[Event "World Blitz 2016"]
[Site "Doha QAT"]
[Date "2016.12.29"]
[Round "7.13"]
[White "Aronian, Levon"]
[Black "Bok, Benjamin"]
[Result "1-0"]
[WhiteTitle "GM"]
[BlackTitle "GM"]
[WhiteElo "2785"]
[BlackElo "2598"]
[WhiteFideId "13300474"]
[BlackFideId "1017063"]
[EventDate "2016.12.29"]

1. Nf3 Nf6 2. c4 e6 3. g3 d5 4. Bg2 dxc4 5. O-O c6 6. a4 Na6 7. Na3 Bxa3 8. Rxa3
O-O 9. Qc2 Qd5 10. Re3 Nb4 11. Qc3 Na2 12. Qa3 Nxc1 13. Rxc1 Rd8 14. d4 cxd3 15.
Rxd3 Qa5 16. Ne5 Qc7 17. Rcd1 Rxd3 18. Rxd3 h6 19. Nc4 Bd7 20. Qe7 Re8 21. Qc5
b6 22. Qe5 Rc8 23. Nd6 Rd8 24. Nxf7 Qxe5 25. Nxe5 Kf8 26. Bxc6 Ke7 27. Bxd7 1-0

[Event "World Blitz 2016"]
[Site "Doha QAT"]
[Date "2016.12.29"]
[Round "7.14"]
[White "Nepomniachtchi, Ian"]
[Black "Howell, David W L"]
[Result "1-0"]
[WhiteTitle "GM"]
[BlackTitle "GM"]
[WhiteElo "2767"]
[BlackElo "2644"]
[WhiteFideId "4168119"]
[BlackFideId "410608"]
[EventDate "2016.12.29"]

1. Nc3 Nf6 2. e4 e5 3. Bc4 Nc6 4. d3 Na5 5. Bb5 a6 6. Ba4 b5 7. Bb3 d6 8. f4 Be7
9. Nf3 exf4 10. Bxf4 O-O 11. O-O Nxb3 12. axb3 b4 13. Ne2 c5 14. Ng3 Be6 15. Qd2
Qd7 16. Nh4 d5 17. Nhf5 Bxf5 18. Nxf5 dxe4 19. Be5 Ne8 20. Rae1 Bf6 21. Bxf6
Nxf6 22. Nxg7 Qd4+ 23. Kh1 Kxg7 24. Qg5+ Kh8 25. Rxf6 Rg8 26. Qf5 Rg7 27. Rxf7
Rag8 28. Rxg7 Qxg7 29. Qxe4 Qxb2 30. Qe2 a5 31. h3 Qg7 32. Rf1 h6 33. Rf5 Qd4
34. Qe6 Qg7 35. Qe4 Rf8 36. Rxc5 1-0

[Event "World Blitz 2016"]
[Site "Doha QAT"]
[Date "2016.12.29"]
[Round "7.17"]
[White "Jakovenko, Dmitry"]
[Black "Grischuk, Alexander"]
[Result "0-1"]
[WhiteTitle "GM"]
[BlackTitle "GM"]
[WhiteElo "2704"]
[BlackElo "2737"]
[WhiteFideId "4122356"]
[BlackFideId "4126025"]
[EventDate "2016.12.29"]

1. Nf3 Nf6 2. c4 g6 3. g3 Bg7 4. Bg2 O-O 5. O-O d6 6. d4 Nbd7 7. Nc3 e5 8. e4
exd4 9. Nxd4 Re8 10. b3 Nc5 11. f3 c6 12. Be3 a6 13. Qd2 Nfd7 14. b4 Ne5 15. Qe2
Ne6 16. Rad1 Qc7 17. Rfe1 Rb8 18. h3 b5 19. cxb5 axb5 20. Nxe6 Bxe6 21. Bd4 c5
22. Be3 Bc4 23. Qc2 Rec8 24. f4 cxb4 25. fxe5 bxc3 26. exd6 Qd7 27. Bd4 Bxd4+
28. Rxd4 b4 29. e5 b3 30. axb3 Bxb3 31. Qf2 Be6 32. Rc1 Rb2 33. Qf1 Qa7 34. Qf4
Rd2 0-1

[Event "World Blitz 2016"]
[Site "Doha QAT"]
[Date "2016.12.29"]
[Round "7.18"]
[White "Amonatov, Farrukh"]
[Black "Pichot, Alan"]
[Result "0-1"]
[WhiteTitle "GM"]
[BlackTitle "GM"]
[WhiteElo "2620"]
[BlackElo "2544"]
[WhiteFideId "14700077"]
[BlackFideId "110973"]
[EventDate "2016.12.29"]

1. e4 c5 2. Nf3 e6 3. d4 cxd4 4. Nxd4 Nf6 5. Nc3 d6 6. g4 e5 7. Bb5+ Bd7 8.
Bxd7+ Qxd7 9. Nf5 h5 10. gxh5 Nxh5 11. Bg5 g6 12. Ng3 Nc6 13. Nd5 Bg7 14. Nxh5
Rxh5 15. h4 Nd4 16. c3 Ne6 17. Be3 Qc6 18. Qd3 a6 19. O-O-O b5 20. Kb1 Rd8 21.
f3 Kf8 22. Bg5 Rd7 23. Be3 Rd8 24. Nb4 Qb7 25. Qd2 Nc7 26. Bg5 Rd7 27. Nd3 Ne6
28. Rhf1 d5 29. exd5 Rxd5 30. Qe2 Nxg5 31. hxg5 Rxg5 32. Nb4 Rxd1+ 33. Rxd1 Bf6
34. Nd5 Kg7 35. Ne3 Rg3 36. Nd5 Qc8 37. Nxf6 Kxf6 38. Rd6+ Kg5 39. Qxe5+ Qf5+
40. Qxf5+ Kxf5 41. Rxa6 Rxf3 42. Ra5 g5 43. a4 g4 44. axb5 Rf1+ 45. Ka2 Ke6 46.
b6 Kd7 47. Rc5 Rf6 48. Rg5 Rg6 49. Rb5 Kc8 50. b7+ Kb8 51. Rf5 g3 52. Rf1 g2 53.
Rg1 f5 54. Kb3 f4 55. Kc2 f3 0-1

[Event "World Blitz 2016"]
[Site "Doha QAT"]
[Date "2016.12.29"]
[Round "7.19"]
[White "Onischuk, Vladimir"]
[Black "Li, Chao b"]
[Result "1-0"]
[WhiteTitle "GM"]
[BlackTitle "GM"]
[WhiteElo "2601"]
[BlackElo "2720"]
[WhiteFideId "14114038"]
[BlackFideId "8604436"]
[EventDate "2016.12.29"]

1. e4 e5 2. Nf3 Nf6 3. Nxe5 d6 4. Nf3 Nxe4 5. Qe2 Qe7 6. d3 Nf6 7. Bg5 Qxe2+ 8.
Bxe2 Be7 9. Nc3 c6 10. O-O-O h6 11. Bd2 Na6 12. Rde1 Nc7 13. Bd1 Ne6 14. h3 h5
15. Ng5 Nxg5 16. Bxg5 Be6 17. f4 Kd7 18. Rhf1 g6 19. Ne2 c5 20. Nc3 Rae8 21. Bf3
b6 22. d4 cxd4 23. Nb5 Bc4 24. Nxd4 Bxf1 25. Bc6+ Kd8 26. Bxe8 Rxe8 27. Nc6+ Kd7
28. Nxe7 Rxe7 29. Rxf1 Re6 30. f5 gxf5 31. Rxf5 Ne4 32. Rxf7+ Kc6 33. Rf5 Ng3
34. Rf2 Ne4 35. Rf5 Ng3 36. Rf3 Ne4 37. h4 a5 38. c3 d5 39. Bf4 a4 40. Kc2 Kb5
41. g3 Nc5 42. Be3 Ne4 43. b3 axb3+ 44. axb3 Kc6 45. Bf4 b5 46. b4 Re7 47. Be3
Rg7 48. Bf4 Ra7 49. Kd3 Nxc3 50. Be5 Ne4 51. Rf5 Ra3+ 52. Kd4 Nxg3 53. Rf6+ Kd7
54. Rf7+ Ke6 55. Rf6+ Ke7 56. Rb6 Nf5+ 57. Kxd5 Ra7 58. Rxb5 Nxh4 59. Ke4 Ng6
60. Bd4 Ra2 61. Rxh5 Kd7 62. Rh6 Ne7 63. b5 Kc8 64. Rh8+ Kd7 65. Rh7 Ra4 66. Ke5
Ke8 67. Ke6 Ng8 68. Be5 Rb4 69. Rb7 1-0

[Event "World Blitz 2016"]
[Site "Doha QAT"]
[Date "2016.12.29"]
[Round "7.21"]
[White "Bologan, Victor"]
[Black "Leko, Peter"]
[Result "1/2-1/2"]
[WhiteTitle "GM"]
[BlackTitle "GM"]
[WhiteElo "2640"]
[BlackElo "2693"]
[WhiteFideId "13900048"]
[BlackFideId "703303"]
[EventDate "2016.12.29"]

1. d4 Nf6 2. c4 e6 3. Nf3 d5 4. Nc3 Bb4 5. cxd5 exd5 6. Bg5 h6 7. Bxf6 Qxf6 8.
Qa4+ Nc6 9. Rc1 O-O 10. e3 a6 11. a3 Bxc3+ 12. Rxc3 Qd6 13. Qc2 Bg4 14. Be2 Bh5
15. O-O Bg6 16. Qc1 Bh5 17. Re1 Rac8 18. Ne5 Bxe2 19. Nxc6 Bg4 20. Na5 Qb6 21.
b4 c6 22. Nb3 Rce8 23. Nc5 Re7 24. f3 Bh5 25. e4 dxe4 26. fxe4 Bg6 27. e5 Qd8
28. Qf4 Qd5 29. Qh4 Rfe8 30. Rg3 b6 31. Na4 Rd7 32. Nxb6 Qxd4+ 33. Qxd4 Rxd4 34.
Rc3 Be4 35. Rc4 Rxc4 36. Nxc4 Bd5 37. Nd6 Re7 38. Kf2 Rd7 39. Ke3 f6 40. Kd4
fxe5+ 41. Kc5 Bxg2 42. Rxe5 g5 43. a4 Kg7 44. Re6 Bh3 45. Re8 Bg2 46. Ra8 Bf1
47. Rc8 Bg2 48. Rb8 h5 49. Ra8 Bf1 50. Rc8 Bg2 51. Ra8 Bf1 52. Re8 g4 53. Kxc6
Ra7 54. b5 axb5 55. axb5 Bxb5+ 56. Kxb5 1/2-1/2

[Event "World Blitz 2016"]
[Site "Doha QAT"]
[Date "2016.12.29"]
[Round "7.22"]
[White "Atabayev, Maksat"]
[Black "Vitiugov, Nikita"]
[Result "1/2-1/2"]
[WhiteTitle "GM"]
[BlackTitle "GM"]
[WhiteElo "2492"]
[BlackElo "2726"]
[WhiteFideId "14001101"]
[BlackFideId "4152956"]
[EventDate "2016.12.29"]

1. Nf3 d5 2. d4 Nf6 3. c4 e6 4. e3 a6 5. b3 b6 6. Bb2 Bb7 7. Bd3 Nbd7 8. O-O Bd6
9. Nbd2 O-O 10. Qc2 c5 11. dxc5 bxc5 12. cxd5 exd5 13. e4 d4 14. Nc4 Qe7 15.
Rfe1 Ng4 16. e5 Bxf3 17. exd6 Qh4 18. h3 Ndf6 19. Ne5 Nxe5 20. Rxe5 Nd7 21. Re7
Qg5 22. Bf1 Bc6 23. Rae1 Qd5 24. Ba3 Qxd6 25. Bd3 h6 26. Bf5 Rac8 27. Qd3 Qd5
28. Bh7+ Kh8 29. Be4 Qd6 30. Bxc6 Qxc6 31. Qf5 Nf6 32. R7e5 Rfd8 33. Rxc5 Qb7
34. Rxc8 Qxc8 35. Qxc8 Rxc8 36. Rd1 Rc2 37. Rxd4 Rxa2 38. Be7 a5 39. Bxf6 gxf6
40. Rd6 Kg7 1/2-1/2

[Event "World Blitz 2016"]
[Site "Doha QAT"]
[Date "2016.12.29"]
[Round "7.24"]
[White "Svane, Rasmus"]
[Black "Korobov, Anton"]
[Result "0-1"]
[WhiteTitle "GM"]
[BlackTitle "GM"]
[WhiteElo "2555"]
[BlackElo "2692"]
[WhiteFideId "4657101"]
[BlackFideId "14105730"]
[EventDate "2016.12.29"]

1. Nf3 Nf6 2. c4 e6 3. Nc3 d5 4. d4 c6 5. Bg5 h6 6. Bh4 dxc4 7. e4 g5 8. Bg3 b5
9. Be2 Bb7 10. e5 Nd5 11. O-O Nd7 12. a4 a6 13. Nxd5 cxd5 14. Ne1 Qb6 15. Bh5
Be7 16. axb5 axb5 17. Rxa8+ Bxa8 18. f4 Rf8 19. Nf3 Kd8 20. Qd2 f5 21. fxg5 hxg5
22. Nxg5 Kc7 23. Nf3 b4 24. Qh6 Bb7 25. Qg7 Bd8 26. Bf4 Ba6 27. Qh7 c3 28. Rc1
Be2 29. bxc3 b3 30. Bh6 b2 31. Rb1 Bd3 32. Rxb2 Qxb2 33. Bxf8 Qb1+ 34. Kf2 Qf1+
35. Kg3 f4+ 0-1

[Event "World Blitz 2016"]
[Site "Doha QAT"]
[Date "2016.12.29"]
[Round "7.26"]
[White "Bindrich, Falko"]
[Black "Tomashevsky, Evgeny"]
[Result "1/2-1/2"]
[WhiteTitle "GM"]
[BlackTitle "GM"]
[WhiteElo "2590"]
[BlackElo "2716"]
[WhiteFideId "4676670"]
[BlackFideId "4147235"]
[EventDate "2016.12.29"]

1. d4 Nf6 2. Nf3 e6 3. Bf4 b6 4. e3 Bb7 5. h3 Be7 6. Bd3 c5 7. c3 O-O 8. O-O
cxd4 9. cxd4 Nc6 10. Nc3 Rc8 11. Rc1 Nb4 12. Bb1 Nbd5 13. Nxd5 Bxd5 14. Qe2 Rxc1
15. Rxc1 Qa8 16. Ne1 Rc8 17. Rxc8+ Qxc8 18. e4 Bb7 19. f3 Ba6 20. Bd3 Bxd3 21.
Qxd3 d5 22. e5 Nd7 23. Bd2 Nb8 24. b3 Nc6 25. Nc2 f6 26. f4 Qe8 27. Qb5 Kf8 28.
Qd3 Kg8 29. Qb5 Qd7 30. Qa6 fxe5 31. fxe5 Bf8 32. Qe2 Qf7 33. Qb5 Ne7 34. Qd7
Nf5 35. Qxf7+ Kxf7 36. g4 Ne7 37. Kf2 Nc6 38. Ke3 Be7 39. Kd3 Kg6 40. Be3 h5 41.
Ke2 hxg4 42. hxg4 Bg5 43. Bf2 Bc1 44. Bh4 b5 45. Kf3 a6 46. Ke2 Bb2 47. Kd3 Bc1
48. Ke2 Bg5 49. Bf2 Kh6 50. Kf3 Bc1 51. Bh4 Kg6 52. Ke2 Bg5 53. Bf2 Bd8 54. Kf3
Bb6 55. Be3 Ba5 56. Kf4 Bc3 57. Kf3 a5 58. Ke2 a4 59. bxa4 bxa4 60. Kd3 Ba5 61.
Bc1 Bd8 62. Be3 Bg5 63. Bf2 Bc1 64. Ke2 Kg5 65. Kf3 Bd2 66. Bg3 Kg6 67. Bh4 Nb4
68. Nxb4 Bxb4 69. Bf2 Bd2 70. Bh4 Bc1 71. Be7 Kf7 72. Bh4 Ke8 73. Ke2 Kd7 74.
Kd3 Kc6 75. Kc2 Be3 76. Kd3 Bf4 77. Be7 Kb5 78. Ba3 Bg3 79. Bc5 Bxe5 80. Bf8 Bf6
81. g5 Bxg5 82. Bxg7 Be7 83. Kc3 Bb4+ 84. Kd3 Bd6 85. Kc3 Bc7 86. Bf8 Ba5+ 87.
Kd3 Bb4 88. Bh6 Bd6 89. Kc3 Be7 90. Bf4 Bh4 91. Bh6 Be1+ 92. Kd3 Bg3 93. Bf8 e5
94. dxe5 Bxe5 95. Be7 Kc6 96. Bf8 Kd7 97. Bb4 Ke6 98. Bd2 Kf5 99. Bb4 Kg4 100.
Ke3 Kf5 101. Kd3 Ke6 102. Bd2 Kd6 103. Bb4+ Kc6 104. Bf8 Bd6 105. Bg7 Kc5 106.
Bc3 Be7 107. Be1 Bg5 108. Bc3 Kb5 109. Be1 Be7 110. Kd4 Bb4 111. Bh4 Kc6 112.
Kd3 Kc5 113. Bf2+ Kb5 114. Bh4 Bc5 115. Be1 Bb4 1/2-1/2

[Event "World Blitz 2016"]
[Site "Doha QAT"]
[Date "2016.12.29"]
[Round "7.27"]
[White "Najer, Evgeniy"]
[Black "Lu, Shanglei"]
[Result "0-1"]
[WhiteTitle "GM"]
[BlackTitle "GM"]
[WhiteElo "2679"]
[BlackElo "2627"]
[WhiteFideId "4118987"]
[BlackFideId "8603332"]
[EventDate "2016.12.29"]

1. e4 c5 2. Nf3 d6 3. Bb5+ Nd7 4. c3 Nf6 5. Qe2 a6 6. Ba4 b5 7. Bc2 e5 8. d4 Be7
9. O-O O-O 10. Rd1 Qc7 11. h3 Bb7 12. d5 g6 13. Bg5 Rfe8 14. g4 h5 15. Nh2 Nxd5
16. exd5 Bxg5 17. gxh5 Nf6 18. hxg6 fxg6 19. Bxg6 Rf8 20. Bf5 Qg7 21. Ng4 Nh5
22. Qe4 Nf4 23. Kf1 Rf7 24. Ne3 Raf8 25. Ke1 Bh4 26. Bg4 0-1

[Event "World Blitz 2016"]
[Site "Doha QAT"]
[Date "2016.12.29"]
[Round "7.28"]
[White "Moiseenko, Alexander"]
[Black "Salinas Herrera, Pablo"]
[Result "0-1"]
[WhiteTitle "GM"]
[BlackTitle "IM"]
[WhiteElo "2657"]
[BlackElo "2466"]
[WhiteFideId "14102560"]
[BlackFideId "3407128"]
[EventDate "2016.12.29"]

1. d4 e6 2. Nf3 c5 3. g3 cxd4 4. Nxd4 d6 5. Bg2 Nf6 6. O-O Be7 7. c4 O-O 8. Nc3
a6 9. b3 Qc7 10. Bb2 Nc6 11. e3 Bd7 12. Rc1 Nxd4 13. exd4 Rab8 14. a4 Qa5 15. d5
e5 16. Ne4 Nxe4 17. Bxe4 f5 18. Bg2 Qc5 19. Qd2 a5 20. Rfe1 Bf6 21. Rc2 b6 22.
Qc1 Rbe8 23. Ba3 Qc7 24. Bb2 h6 25. h3 Bg5 26. f4 exf4 27. gxf4 Bxf4 28. Qxf4
Rxe1+ 29. Kh2 Bc8 30. Qg3 Re7 31. Ba3 f4 32. Qf3 Bf5 33. Rf2 Be4 34. Qg4 Bxg2
35. Qxg2 Re5 36. Bb2 Rg5 37. Qe4 Qf7 38. Bd4 f3 39. Bxb6 Re5 40. Qg4 h5 41. Qg3
Re2 42. Qxd6 Rxf2+ 43. Bxf2 Re8 44. Qg3 Re2 45. d6 Qf5 46. c5 Qc2 47. Kg1 Qd1+
48. Kh2 Qf1 0-1

[Event "World Blitz 2016"]
[Site "Doha QAT"]
[Date "2016.12.29"]
[Round "7.30"]
[White "Khusnutdinov, Rustam"]
[Black "Xu, Yi"]
[Result "1-0"]
[WhiteTitle "GM"]
[BlackTitle "IM"]
[WhiteElo "2458"]
[BlackElo "2430"]
[WhiteFideId "13701703"]
[BlackFideId "8605564"]
[EventDate "2016.12.29"]

1. Nc3 e5 2. Nf3 Nc6 3. d4 exd4 4. Nxd4 Nf6 5. Bg5 Bb4 6. Qd3 O-O 7. O-O-O Nxd4
8. Qxd4 Be7 9. e4 d6 10. Kb1 Be6 11. f4 h6 12. Bh4 Nxe4 13. Bxe7 Nxc3+ 14. Qxc3
Qxe7 15. Bd3 c6 16. g4 Qf6 17. Qd2 Bd5 18. Rhg1 Qe6 19. a3 Ba2+ 20. Ka1 Bc4 21.
Bf5 Qd5 22. Qc3 Qc5 23. g5 h5 24. g6 Qxf5 25. Qxc4 d5 26. gxf7+ Rxf7 27. Qe2
Raf8 28. Rdf1 h4 29. c3 Qf6 30. f5 Re7 31. Qd3 Rfe8 32. Ka2 Re3 33. Qd1 Re2 34.
Qb3 Rxh2 35. Rg6 Qf7 36. Rfg1 Ree2 37. f6 Rxb2+ 38. Qxb2 Rxb2+ 39. Kxb2 Kf8 40.
fxg7+ Kg8 41. R6g2 h3 42. Re2 Qh5 43. Rf2 h2 44. Rf8+ 1-0

[Event "World Blitz 2016"]
[Site "Doha QAT"]
[Date "2016.12.29"]
[Round "7.31"]
[White "Mchedlishvili, Mikheil"]
[Black "Jumabayev, Rinat"]
[Result "1-0"]
[WhiteTitle "GM"]
[BlackTitle "GM"]
[WhiteElo "2601"]
[BlackElo "2611"]
[WhiteFideId "13600966"]
[BlackFideId "13702661"]
[EventDate "2016.12.29"]

1. c4 Nf6 2. Nc3 e6 3. Nf3 c5 4. d4 cxd4 5. Nxd4 Nc6 6. a3 Bc5 7. Nb3 Be7 8. e4
b6 9. Be2 O-O 10. Bf4 Bb7 11. O-O d6 12. Rc1 Rc8 13. Re1 a6 14. Be3 Ne5 15. Nd2
d5 16. cxd5 exd5 17. exd5 Nxd5 18. Nxd5 Qxd5 19. Nf3 Qxd1 20. Rexd1 Nxf3+ 21.
gxf3 Bf6 22. Bxb6 Bxb2 23. Rxc8 Rxc8 24. a4 h5 25. a5 Rc2 26. Rd8+ 1-0

[Event "World Blitz 2016"]
[Site "Doha QAT"]
[Date "2016.12.29"]
[Round "7.32"]
[White "Tregubov, Pavel V."]
[Black "Grandelius, Nils"]
[Result "1-0"]
[WhiteTitle "GM"]
[BlackTitle "GM"]
[WhiteElo "2585"]
[BlackElo "2643"]
[WhiteFideId "4115341"]
[BlackFideId "1710400"]
[EventDate "2016.12.29"]

1. d4 Nf6 2. c4 e6 3. Nc3 Bb4 4. e3 O-O 5. Bd3 c5 6. Ne2 d5 7. cxd5 cxd4 8. exd4
Nxd5 9. O-O Nc6 10. Nxd5 exd5 11. Nf4 Bd6 12. Re1 Bxf4 13. Bxf4 Be6 14. Qh5 g6
15. Qh6 Qf6 16. Be5 Nxe5 17. dxe5 Qe7 18. h4 Rfe8 19. h5 Qf8 20. Qf4 Rac8 21.
Re3 Qg7 22. h6 Qf8 23. Ree1 Qe7 24. Rac1 a6 25. Rxc8 Rxc8 26. Rc1 Rxc1+ 27. Qxc1
d4 28. a3 Bd5 29. Qf4 Qc5 30. Kh2 b6 31. b4 Qf8 32. Bxa6 Qa8 33. Qxd4 1-0

[Event "World Blitz 2016"]
[Site "Doha QAT"]
[Date "2016.12.29"]
[Round "7.33"]
[White "Belyakov, Bogdan"]
[Black "Zhigalko, Sergei"]
[Result "1/2-1/2"]
[WhiteTitle "IM"]
[BlackTitle "GM"]
[WhiteElo "2487"]
[BlackElo "2671"]
[WhiteFideId "24104795"]
[BlackFideId "13502956"]
[EventDate "2016.12.29"]

1. e4 c5 2. c3 Nf6 3. e5 Nd5 4. Nf3 Nc6 5. Bc4 Nb6 6. Bb3 g6 7. O-O Bg7 8. d4
cxd4 9. cxd4 O-O 10. Nc3 d5 11. h3 Bf5 12. Be3 Rc8 13. Na4 Nc4 14. Bxc4 dxc4 15.
Re1 Nb4 16. Nh4 Bd3 17. Nc5 Nc2 18. Nxd3 cxd3 19. Qxd3 Nxa1 20. Rxa1 Bxe5 21.
Nf3 Bg7 22. h4 Qd5 23. b3 Rc6 24. Qd2 Rfc8 25. Re1 a5 26. Bf4 Rc2 27. Qe3 e6 28.
Be5 Rxa2 29. h5 f6 30. h6 fxe5 31. hxg7 e4 32. Ng5 Kxg7 33. Nxe4 Rf8 34. Rc1 Qf5
35. d5 exd5 36. Rc7+ Rf7 37. Qc3+ Kh6 38. Qe3+ Qf4 39. Rxf7 Qxe3 40. fxe3 dxe4
41. Rxb7 a4 42. bxa4 Rxa4 43. Re7 Ra1+ 44. Kf2 Ra4 45. Kg3 g5 46. Kg4 Ra6 47.
Rxe4 Kg6 48. Re8 h5+ 49. Kg3 Ra3 50. Kf3 Ra1 51. Rb8 h4 52. Rg8+ Kf6 53. Rf8+
Kg6 54. Rg8+ Kf6 55. Rf8+ Kg7 56. Rb8 Ra4 57. Rc8 g4+ 58. Kf2 Ra2+ 59. Kf1 Kg6
60. Rc5 g3 61. Rc4 Rf2+ 62. Kg1 Kg5 63. Rc5+ Kg6 64. Rc4 Kg5 65. Rc5+ Rf5 66.
Rxf5+ Kxf5 67. Kf1 Ke5 68. Ke1 Kd5 69. Kf1 Ke5 70. Ke1 Kf5 71. Kf1 Kg4 72. Kg1
Kg5 73. Kf1 Kf5 74. Ke1 Ke5 75. Kf1 Kd5 76. Ke1 Ke5 77. Kf1 Kf5 78. Ke1 Kg6 79.
Kf1 Kg5 80. Ke1 Kf5 81. Kf1 Ke5 1/2-1/2